| 000 | 00736nam a22001817a 4500 | ||
|---|---|---|---|
| 005 | 20120305131338.0 | ||
| 020 |
_c000.00 _a |
||
| 035 | _aB-32741 | ||
| 037 |
_b _adpl |
||
| 082 | _a270.6 | ||
| 100 |
_aशौरी, अरूण _943439 |
||
| 245 |
_aफ़तवे, उलेमा और उनकी दुनिया / _cअरूण शौरी |
||
| 260 |
_aनई दिल्ली _bवाणी प्रकाशन _c 2001 |
||
| 270 |
_a _b _e _k |
||
| 300 |
_a613पृ. _c22सेमी (सजिल्द) |
||
| 942 |
_adpl _cHN _k _2ddc _h270.6 _mशौरीअ |
||
| 999 |
_c63766 _d63766 |
||